| 000 | 01349nac a22003011i 4500 | ||
|---|---|---|---|
| 003 | EG-ScBUE | ||
| 005 | 20250515101251.0 | ||
| 008 | 250415s2003 ii a f 000 0 eng d | ||
| 020 | _a8121912237 | ||
| 020 | _a9788121912235 | ||
| 040 |
_aEG-ScBUE _beng _erda _cEG-ScBUE _dEG-ScBUE |
||
| 082 | 0 | 4 |
_a530.22 _bAVA _222 |
| 100 | 1 |
_aAvadhanuku, M. N., _eauthor. |
|
| 245 |
_aExperiments in engineering physics : _ba laboratory manual and workbook with viva voce / _cM. N. Avadahanulu, M.Sc., Ph.D., head of the Applied Physics Deptt., Kavikulguru Institute of Technology and Science, Ramtek, Mrs. A. A. Dani, M.Sc., Ph.D., Deptt. of Applied Physics, Priyadarshini College of Engg. and Architecture, Hingna, Nagpur, P. M. Pokley, M.Sc., Deptt. of Applied Physics, Kavikulguru Institute of Technology and Science, Ramtek. |
||
| 250 | _aThird revised edition. | ||
| 264 | 1 |
_aRam Nagar, New Delhi : _bS. Chand & Company LTD, _c2003. |
|
| 300 |
_axviii, 244 pages : _billustrations ; _c20 cm |
||
| 336 |
_2rdacontent _atext _btxt |
||
| 337 |
_aunmediated _2rdamedia _bn |
||
| 338 |
_avolume _bnc _2rdacarrier |
||
| 650 | 7 |
_aPhysics. _2BUEsh |
|
| 650 | 7 |
_aPhysics _xLaboratory Manual. _2BUEsh |
|
| 650 | 7 |
_aMathematical Physics. _2BUEsh |
|
| 655 | _vReading book | ||
| 700 | 1 |
_aDani, A. A., _eauthor. |
|
| 700 | 1 |
_aPokley, P. M., _eauthor. |
|
| 942 |
_cBB _2ddc |
||
| 999 |
_c3815 _d3815 |
||